00408 2200157 4500001002100000005001500021035002000036245005500056100001800111300002800129260003400157082000800191084001400199020002200213990001500235INLIS00000000000315020251119074517 a0010-11250000111 aMenjejalah Dunia Biologi Kelas XI /cSri Pujiyanto0 aSri Pujiyanto a416 hlm ;c20 x 25,5 cm aSolo :bTiga Serangkai,c2023 a574 a574 SRI m a978-623-269-869-7 a19601/H/26